|
|
|
|
| LEADER |
01185nam a2200277 a 4500 |
| 001 |
3315373 |
| 008 |
130120s1985 ne a b 001 0 eng d |
| 010 |
|
|
|a 84026436
|
| 020 |
|
|
|a 9027717907
|
| 020 |
|
|
|a 9027718814 (pbk.)
|
| 040 |
|
|
|a DLC
|c DLC
|d DLC
|d BD-DhAAL.
|
| 082 |
0 |
0 |
|a 610.6952
|2 19
|
| 245 |
0 |
0 |
|a Physicians of western medicine :
|b anthropological approaches to theory and practice /
|c edited by Robert A. Hahn and Atwood D. Gaines.
|
| 260 |
|
|
|a Dordrecht ;
|a Boston :
|b D. Reidel Pub. Co. ;
|a Hingham, MA :
|b Sold and distributed in the U.S.A. and Canada by Kluwer Academic Publishers,
|c c1985.
|
| 300 |
|
|
|a ix, 345 p. :
|b ill. ;
|c 25 cm.
|
| 490 |
1 |
|
|a Culture, illness, and healing
|
| 504 |
|
|
|a Includes bibliographies and indexes.
|
| 541 |
|
|
|e 00026520
|
| 650 |
|
0 |
|a Social medicine.
|
| 650 |
|
0 |
|a Medical anthropology.
|
| 650 |
|
0 |
|a Physicians.
|
| 700 |
1 |
|
|a Hahn, Robert A.,
|d 1945-
|
| 700 |
1 |
|
|a Gaines, Atwood D.,
|d 1945-
|
| 852 |
1 |
|
|a Ayesha Abed Library
|j General shelf.
|
| 999 |
|
|
|c 13145
|d 13145
|
| 952 |
|
|
|0 0
|1 0
|2 ddc
|4 0
|6 610_695200000000000_PHY
|7 0
|9 21865
|a JPGSPH
|b JPGSPH
|c GEN
|d 2013-01-21
|e TRIM EDUCATION
|g 14500.00
|l 0
|o 610.6952 PHY
|p 3060026520
|r 2013-01-21
|t 1
|w 2013-01-21
|y BK
|